Κατάλογος Βιβλιοθηκών Mediterranean College

Ηθική / Περιοδικό Φιλοσοφίας (Record no. 9572)

MARC details
000 -LEADER
fixed length control field 01270cam a22001934a 4500
005 - ΗΜΕΡΟΜΗΝΙΑ ΚΑΙ ΩΡΑ ΤΕΛΕΥΤΑΙΑΣ ΕΝΗΜΕΡΩΣΗΣ
Πεδίο ελέγχου 20250605164403.0
008 - FIXED-LENGTH DATA ELEMENTS--GENERAL INFORMATION
Πεδίο ελέγχου σταθερού μήκους 250528s ||||||||||||||||||||||||d
035 ## - SYSTEM CONTROL NUMBER
System control number 24706
040 ## - ΠΗΓΗ ΚΑΤΑΛΟΓΟΓΡΑΦΗΣΗΣ
Φορέας πρωτότυπης καταλογογράφησης MC Athens Campus Library
Γλώσσα καταλογογράφησης Ελληνικά, Μοντέρνα (1453-)
Modifying agency MC Athens Campus Library
Κανόνες περιγραφικής καταλογογράφησης AACR2
245 1# - ΤΙΤΛΟΣ ΚΑΙ ΔΗΛΩΣΗ ΥΠΕΥΘΥΝΟΤΗΤΑΣ
Τίτλος Ηθική / Περιοδικό Φιλοσοφίας
260 ## - PUBLICATION, DISTRIBUTION, ETC.
Name of publisher, distributor, etc. Τμήμα Φιλοσφίας Παιδαγωγικής Ψυχολογίας Πανεπιστημίου Αθηνών,
Date of publication, distribution, etc. 2007
300 ## - PHYSICAL DESCRIPTION
Extent 66
520 ## - SUMMARY, ETC.
Summary, etc. Kanth's Perpetual Peace and Current International Law Philosophy, Ψευδολογία και Ηθική στη Διδασκαλία του Kant, Η Ηθική Αυτονομία και το Δικαίωμα της Αντίστασης στις Σύγχρονες Δημοκρατίες, Εξαρτήσεις και Ελευθερία, Η Θεωρία του Δίκαιου Πολέμου, Υπέρ του Ηθικού Πολουραλισμού: Τα Επιστημολογικά Όρια του Ανθρώπου και η Φύση των Ηθικών Αξιών, Διεθνής Συνάντηση για τη Διδασκαλία της Ηθικής.
700 1# - ΠΡΟΣΘΕΤΗ ΑΝΑΓΡΑΦΗ--ΦΥΣΙΚΟ ΠΡΟΣΩΠΟ
Personal name Πολίτης Γιώργος Ν
9 (RLIN) 9508
942 ## - ADDED ENTRY ELEMENTS (KOHA)
Koha item type Περιοδικά Δημοσιεύματα
Holdings
Τύπος τεκμηρίου Βιβλιοθήκη Τρέχουσα τοποθεσία Barcode Ημερομηνία απόκτησης Ταξιθετικό σύμβολο Αριθμός αντιτύπου Κατάσταση απόσυρσης Κατάσταση χαμένου Κατάσταση κατεστραμμένου Μη δανεισμός Σύνολο δανεισμών Ημερομηνία τελευταίας εμφάνισης Η τιμή ισχύει από
Περιοδικά Δημοσιεύματα MC Athens Campus Library MC Athens Campus Library 9780000095718 05/06/2025 ΠΕΡΙΟΔΙΚΑ ΨΥΧΟΛΟΓΙΑΣ 1           05/06/2025 05/06/2025

MC Athens Campus Library
Πατησίων 94 & Κοδριγκτώνος 13, 104 34
Πελλήνης 8 & Πατησίων 107, 112 51
Τ: +30 210 8899600

MC Thessaloniki Campus Library
Ίωνος Δραγούμη 21, 54625 | Ίωνος Δραγούμη 15, 54625
Τ: +30 2310 287779 – Τ: +30 2314 440300